<?xml version="1.0" encoding="UTF-8"?>
<record
    xmlns:xsi="http://www.w3.org/2001/XMLSchema-instance"
    xsi:schemaLocation="http://www.loc.gov/MARC21/slim http://www.loc.gov/standards/marcxml/schema/MARC21slim.xsd"
    xmlns="http://www.loc.gov/MARC21/slim">

  <leader>00800nam a2200241Ia 4500</leader>
  <controlfield tag="005">20230831114022.0</controlfield>
  <controlfield tag="008">210716s2008    xx            000 0 und d</controlfield>
  <datafield tag="020" ind1=" " ind2=" ">
    <subfield code="a">9788131701782</subfield>
  </datafield>
  <datafield tag="040" ind1=" " ind2=" ">
    <subfield code="c">AIMIT LIBRARY</subfield>
  </datafield>
  <datafield tag="041" ind1=" " ind2=" ">
    <subfield code="a">eng</subfield>
  </datafield>
  <datafield tag="082" ind1=" " ind2=" ">
    <subfield code="a">368.3</subfield>
    <subfield code="2">13</subfield>
    <subfield code="b">BLAK</subfield>
  </datafield>
  <datafield tag="100" ind1=" " ind2=" ">
    <subfield code="a">Black, Kenneth.</subfield>
    <subfield code="9">131902</subfield>
  </datafield>
  <datafield tag="245" ind1=" " ind2=" ">
    <subfield code="a">Life and health insurance /</subfield>
    <subfield code="c">By Kenneth Black and Harold D Skipper.</subfield>
  </datafield>
  <datafield tag="250" ind1=" " ind2=" ">
    <subfield code="a">13th ed.</subfield>
  </datafield>
  <datafield tag="260" ind1=" " ind2=" ">
    <subfield code="a">New Delhi :</subfield>
    <subfield code="b">Pearson Education ,</subfield>
    <subfield code="c">2008.</subfield>
  </datafield>
  <datafield tag="300" ind1=" " ind2=" ">
    <subfield code="a">1060p. ;</subfield>
    <subfield code="b">PB</subfield>
    <subfield code="c">23.5 cm</subfield>
  </datafield>
  <datafield tag="650" ind1=" " ind2=" ">
    <subfield code="a">Insurance(368)</subfield>
    <subfield code="9">131903</subfield>
  </datafield>
  <datafield tag="651" ind1=" " ind2=" ">
    <subfield code="a">Life and health insurance evaluation</subfield>
    <subfield code="9">131904</subfield>
  </datafield>
  <datafield tag="651" ind1=" " ind2=" ">
    <subfield code="a">Government and employee benefit plans</subfield>
    <subfield code="9">131905</subfield>
  </datafield>
  <datafield tag="651" ind1=" " ind2=" ">
    <subfield code="a">Financial management and reporting</subfield>
    <subfield code="9">131906</subfield>
  </datafield>
  <datafield tag="700" ind1=" " ind2=" ">
    <subfield code="a">Skipper, Harold D.</subfield>
    <subfield code="9">131907</subfield>
  </datafield>
  <datafield tag="942" ind1=" " ind2=" ">
    <subfield code="2">ddc</subfield>
    <subfield code="c">BK</subfield>
    <subfield code="e">13th</subfield>
    <subfield code="k">368.3 BLAK</subfield>
  </datafield>
  <datafield tag="999" ind1=" " ind2=" ">
    <subfield code="c">205233</subfield>
    <subfield code="d">205233</subfield>
  </datafield>
  <datafield tag="952" ind1=" " ind2=" ">
    <subfield code="0">0</subfield>
    <subfield code="1">0</subfield>
    <subfield code="2">ddc</subfield>
    <subfield code="4">0</subfield>
    <subfield code="7">0</subfield>
    <subfield code="8">MBA</subfield>
    <subfield code="a">AIMIT</subfield>
    <subfield code="b">AIMIT</subfield>
    <subfield code="d">2010-03-26</subfield>
    <subfield code="g">640.00</subfield>
    <subfield code="i">Bill no:357; Bill dt:2010-03-22</subfield>
    <subfield code="l">0</subfield>
    <subfield code="o">368.3BLAK</subfield>
    <subfield code="p">MBA07799</subfield>
    <subfield code="r">2026-05-23 00:00:00</subfield>
    <subfield code="v">512.00</subfield>
    <subfield code="w">2021-07-16</subfield>
    <subfield code="y">BK</subfield>
  </datafield>
  <datafield tag="952" ind1=" " ind2=" ">
    <subfield code="0">0</subfield>
    <subfield code="1">0</subfield>
    <subfield code="2">ddc</subfield>
    <subfield code="4">0</subfield>
    <subfield code="7">0</subfield>
    <subfield code="8">MBA</subfield>
    <subfield code="a">AIMIT</subfield>
    <subfield code="b">AIMIT</subfield>
    <subfield code="d">2010-03-26</subfield>
    <subfield code="g">640.00</subfield>
    <subfield code="i">Bill no:357; Bill dt:2010-03-22</subfield>
    <subfield code="l">0</subfield>
    <subfield code="o">368.3BLAK</subfield>
    <subfield code="p">MBA07800</subfield>
    <subfield code="r">2026-05-23 00:00:00</subfield>
    <subfield code="v">512.00</subfield>
    <subfield code="w">2021-07-16</subfield>
    <subfield code="y">BK</subfield>
  </datafield>
  <datafield tag="952" ind1=" " ind2=" ">
    <subfield code="0">0</subfield>
    <subfield code="1">0</subfield>
    <subfield code="2">ddc</subfield>
    <subfield code="4">0</subfield>
    <subfield code="7">0</subfield>
    <subfield code="8">MBA</subfield>
    <subfield code="a">AIMIT</subfield>
    <subfield code="b">AIMIT</subfield>
    <subfield code="d">2010-03-26</subfield>
    <subfield code="g">640.00</subfield>
    <subfield code="i">Bill no:357; Bill dt:2010-03-22</subfield>
    <subfield code="l">0</subfield>
    <subfield code="o">368.3BLAK</subfield>
    <subfield code="p">MBA07801</subfield>
    <subfield code="r">2026-05-23 00:00:00</subfield>
    <subfield code="v">512.00</subfield>
    <subfield code="w">2021-07-16</subfield>
    <subfield code="y">BK</subfield>
  </datafield>
  <datafield tag="952" ind1=" " ind2=" ">
    <subfield code="0">0</subfield>
    <subfield code="1">0</subfield>
    <subfield code="2">ddc</subfield>
    <subfield code="4">0</subfield>
    <subfield code="7">0</subfield>
    <subfield code="8">MBA</subfield>
    <subfield code="a">AIMIT</subfield>
    <subfield code="b">AIMIT</subfield>
    <subfield code="d">2010-03-26</subfield>
    <subfield code="g">640.00</subfield>
    <subfield code="i">Bill no:357; Bill dt:2010-03-22</subfield>
    <subfield code="l">0</subfield>
    <subfield code="o">368.3BLAK</subfield>
    <subfield code="p">MBA07802</subfield>
    <subfield code="r">2026-05-23 00:00:00</subfield>
    <subfield code="v">512.00</subfield>
    <subfield code="w">2021-07-16</subfield>
    <subfield code="y">BK</subfield>
  </datafield>
  <datafield tag="952" ind1=" " ind2=" ">
    <subfield code="0">0</subfield>
    <subfield code="1">0</subfield>
    <subfield code="2">ddc</subfield>
    <subfield code="4">0</subfield>
    <subfield code="7">0</subfield>
    <subfield code="8">MBA</subfield>
    <subfield code="a">AIMIT</subfield>
    <subfield code="b">AIMIT</subfield>
    <subfield code="d">2010-03-26</subfield>
    <subfield code="g">640.00</subfield>
    <subfield code="i">Bill no:357; Bill dt:2010-03-22</subfield>
    <subfield code="l">0</subfield>
    <subfield code="o">368.3BLAK</subfield>
    <subfield code="p">MBA07803</subfield>
    <subfield code="r">2026-05-23 00:00:00</subfield>
    <subfield code="v">512.00</subfield>
    <subfield code="w">2021-07-16</subfield>
    <subfield code="y">BK</subfield>
  </datafield>
</record>
